00480nam a2200157Ia 45000010006000000050017000060080041000230410008000640820022000721000053000942450120001472600009002673000030002766500008003066540008003141729820260306171507.0260306s9999||||xx |||||||||||||| ||und|| aESP a657.61bI61B 2019 aInternational Financial Reporting StandardseAUT 0aLas normas NIIF ilustradas parte B:bnormas emitidas a 1 de enero de 2019, incluyen cambios todavía no requeridos c2019 aB1041 páginas :c25 cm. aGEN aCCO